[Event "Vojvodina-chT"]
[Site "Novi Sad"]
[Date "2015.11.12"]
[Round "3.6"]
[White "Bodiroga, Predrag"]
[Black "Pavlik, Goran"]
[Result "1-0"]
[WhiteElo "2350"]
[BlackElo "2223"]
[PlyCount "205"]
[EventDate "2015.11.10"]
[EventType "team-tourn"]
[EventRounds "9"]
[EventCountry "SRB"]
[SourceTitle "CBM 169 Extra"]
[Source "ChessBase"]
[SourceDate "2015.12.18"]
[SourceVersion "1"]
[SourceVersionDate "2015.12.18"]
[SourceQuality "1"]
[WhiteTeam "Elemir Naftagas"]
[BlackTeam "Novi Sad Vojvodina"]
[WhiteTeamCountry "SRB"]
[BlackTeamCountry "SRB"]

1. d4 Nf6 2. c4 g6 3. Nc3 d5 4. e3 Bg7 5. Qb3 e6 6. Qa3 b6 7. Nf3 Bb7 8. cxd5 exd5 9. Bb5+ c6 10. Be2 Nbd7 11. 0-0 c5 12. dxc5 bxc5 13. b4 0-0 14. bxc5 Ne4 15. Bb2 Qc7 16. Na4 Bxb2 17. Qxb2 Rab8 18. Qc2 Rfc8 19. Rab1 Bc6 20. Nc3 Rxb1 21. Rxb1 Nexc5 22. Qd1 Ne4 23. Nxe4 dxe4 24. Nd4 Bd5 25. Bg4 Rd8 26. Bxd7 Qxd7 27. a3 Qc7 28. Qd2 Rb8 29. Rxb8+ Qxb8 30. h3 Qb6 31. g4 Qc5 32. Qb2 h6 33. Qb8+ Kh7 34. Qb2 Bc4 35. Qc3 Qd5 36. Qb4 Kg7 37. Kg2 a6 38. Qc3 Kh7 39. Qb4 Kg7 40. Qb6 Bb5 41. Qc7 Kh7 42. Qe7 Kg7 43. h4 Bd3 44. g5 hxg5 45. hxg5 Bb5 46. Kg3 Kg8 47. Qf6 Bd7 48. Kf4 a5 49. Qd8+ Kg7 50. Qe7 Kg8 51. Qd8+ Kh7 52. Qc7 Kg8 53. Qb8+ Kh7 54. Qb3 Qd6+ 55. Kxe4 Qe7+ 56. Kd3 Kg7 57. f4 Qd6 58. Ke2 a4 59. Qc3 Kg8 60. Qa5 Kh7 61. Qc3 Qd5 62. Kf2 Qh1 63. Ke2 Qd5 64. Ke1 Bg4 65. Kd2 Qa2+ 66. Kc1 Qf2 67. Qd2 Qf1+ 68. Kb2 Bd1 69. Kc3 Bg4 70. Qd3 Qe1+ 71. Qd2 Qa1+ 72. Kb4 Bd7 73. Qc3 Qb1+ 74. Kc5 Qb8 75. Qb4 Qc7+ 76. Kd5 Qd8 77. Qd6 Qa8+ 78. Kc4 Qc8+ 79. Kb4 Qb7+ 80. Kc5 Qc8+ 81. Kb6 Qd8+ 82. Qc7 Qe8 83. Kc5 Qe7+ 84. Qd6 Qd8 85. Kb4 Qe8 86. e4 Qc8 87. e5 Qb7+ 88. Kc3 Kg8 89. Kc4 Qc8+ 90. Kb4 Qb7+ 91. Kc5 Qc8+ 92. Kb6 Qd8+ 93. Qc7 Qe8 94. Nc6 Qe6 95. Qd6 Qb3+ 96. Kc7 Bxc6 97. Kxc6 Qc4+ 98. Kd7 Qxf4 99. Ke8 Qf5 100. Qf8+ Kh7 101. Qxf7+ Kh8 102. Qxf5 gxf5 103. Kf7 1-0

[Event "Vojvodina-chT"]
[Site "Sombor"]
[Date "2009.09.30"]
[Round "5"]
[White "Svetushkin, Dmitry"]
[Black "Pavlik, Goran"]
[Result "1-0"]
[WhiteElo "2570"]
[BlackElo "2202"]
[PlyCount "91"]
[EventDate "2009.09.27"]
[EventType "team-swiss"]
[EventRounds "11"]
[EventCountry "YUG"]
[SourceTitle "EXT 2012"]
[Source "ChessBase"]
[SourceDate "2011.11.24"]
[SourceVersion "1"]
[SourceVersionDate "2011.11.24"]
[SourceQuality "1"]

1. d4 d5 2. c4 e6 3. Nf3 Nf6 4. Nc3 Be7 5. Bf4 0-0 6. a3 Nbd7 7. Nb5 Ne8 8. e3 c5 9. cxd5 exd5 10. Be2 a6 11. Nc3 Nef6 12. 0-0 b5 13. dxc5 Nxc5 14. Nd4 Bb7 15. Nf5 Nce4 16. Rc1 Re8 17. Nxe4 dxe4 18. Rc7 Bd5 19. Qc2 Bf8 20. Rc1 g6 21. Nd4 Bd6 22. Bxd6 Qxd6 23. Qc5 Rad8 24. Ra7 Qxc5 25. Rxc5 Rd6 26. Rcc7 Rb8 27. g4 h6 28. h4 Rbd8 29. Kg2 R8d7 30. Kg3 Rxc7 31. Rxc7 Rd7 32. Rc8+ Kg7 33. g5 hxg5 34. hxg5 Nh7 35. Bg4 Re7 36. Kf4 f6 37. gxf6+ Kxf6 38. Rc5 Bb7 39. Bc8 Bxc8 40. Rxc8 g5+ 41. Kg4 Kg6 42. Rg8+ Kf7 43. Ra8 Kg6 44. Rxa6+ Nf6+ 45. Kg3 Rb7 46. b4 1-0

[Event "SRB-ch U20"]
[Site "Zlatibor"]
[Date "2007.08.08"]
[Round "5"]
[White "Pavlik, Goran"]
[Black "Djokic, Vladan"]
[Result "1/2-1/2"]
[WhiteElo "2201"]
[BlackElo "2282"]
[PlyCount "32"]
[EventDate "2007.08.05"]
[EventType "tourn"]
[EventRounds "11"]
[EventCountry "YUG"]
[SourceTitle "CBM 119 Extra"]
[Source "ChessBase"]
[SourceDate "2007.09.04"]
[SourceVersion "1"]
[SourceVersionDate "2007.09.04"]
[SourceQuality "1"]

1. e4 c5 2. Nf3 e6 3. d4 cxd4 4. Nxd4 a6 5. Bd3 Nf6 6. 0-0 d6 7. c4 Nbd7 8. Nc3 Qc7 9. Be3 b6 10. f3 Bb7 11. Rc1 Rc8 12. Qd2 Be7 13. Kh1 0-0 14. Rfd1 Qb8 15. Bf1 Bd8 16. Nc2 Bc7 1/2-1/2

[Event "Subotica-ch op "]
[Site "Subotica"]
[Date "2007.03.07"]
[Round "8"]
[White "Pavlik, Goran"]
[Black "Tancik, Kristijan"]
[Result "1-0"]
[WhiteElo "2173"]
[BlackElo "2147"]
[PlyCount "133"]
[EventDate "2007.02.19"]
[EventType "swiss"]
[EventRounds "9"]
[EventCountry "YUG"]
[SourceTitle "EXT 2008"]
[Source "ChessBase"]
[SourceDate "2007.11.25"]
[SourceVersion "1"]
[SourceVersionDate "2007.11.25"]
[SourceQuality "1"]

1. e4 e5 2. Bc4 Nf6 3. d3 Nc6 4. Nf3 h6 5. c3 d6 6. Bb3 g6 7. Nbd2 Bg7 8. h3 0-0 9. 0-0 Bd7 10. Re1 Kh8 11. Nf1 Nh7 12. Ng3 Qe8 13. Nh2 Nd8 14. f4 exf4 15. Bxf4 Be5 16. Ne2 Bxf4 17. Nxf4 Ne6 18. Nd5 c6 19. Ne3 Nc5 20. Bc2 Qe7 21. Qd2 Rad8 22. b4 Na6 23. Nc4 b5 24. Nb2 Qg5 25. Qxg5 Nxg5 26. a4 Nc7 27. h4 Nh7 28. Nf3 a6 29. axb5 axb5 30. Ra7 Rc8 31. e5 d5 32. d4 Rfd8 33. Rf1 Nf8 34. e6 Bxe6 35. Ne5 Kg7 36. Nxc6 Rd7 37. Ne5 Rd6 38. Nbd3 f6 39. Nf3 Ra6 40. Rxa6 Nxa6 41. Nc5 Nc7 42. Ra1 Ra8 43. Ra5 Kf7 44. Nd2 Nd7 45. Rxa8 Nxa8 46. Nxe6 Kxe6 47. Bxg6 Nab6 48. Bd3 Nc4 49. Nxc4 dxc4 50. Be4 Kd6 51. Kf2 Nb6 52. Ke3 Na4 53. Kd2 Kc7 54. Bg6 Kd6 55. d5 Ke7 56. d6+ Kd7 57. Bf7 Nb6 58. Ke3 Nc8 59. Kd4 Nxd6 60. Bg6 Kc6 61. g4 Nc8 62. Be8+ Kb6 63. Kd5 Ne7+ 64. Ke6 Nc8 65. Bd7 Na7 66. Kxf6 Kc7 67. Ke7 1-0

[Event "Senta op-A 10th"]
[Site "Senta"]
[Date "2006.07.27"]
[Round "8"]
[White "Hadzovic, Amir"]
[Black "Pavlik, Goran"]
[Result "0-1"]
[WhiteElo "1959"]
[BlackElo "2179"]
[PlyCount "49"]
[EventDate "2006.07.21"]
[EventType "swiss"]
[EventRounds "9"]
[EventCountry "YUG"]
[SourceTitle "CBM 113 Extra"]
[Source "ChessBase"]
[SourceDate "2006.09.14"]
[SourceVersion "1"]
[SourceVersionDate "2006.09.14"]
[SourceQuality "1"]

1. e4 d5 2. exd5 Nf6 3. Nc3 Nxd5 4. Nxd5 Qxd5 5. d4 Nc6 6. c3 e5 7. dxe5 Qxd1+ 8. Kxd1 Nxe5 9. f4 Ng4 10. Nh3 Bf5 11. Bb5+ c6 12. Re1+ Be7 13. Bc4 0-0-0+ 14. Bd2 Bc5 15. Kc1 Rd7 16. b4 Bb6 17. a4 Rf8 18. Ra2 h6 19. Ng1 Nxh2 20. Re5 Bxg1 21. Rxf5 Rxd2 22. Rxd2 Be3 23. Kb1 Bxd2 24. Kc2 Ng4 25. Rg5 0-1

[Event "Senta op-A 10th"]
[Site "Senta"]
[Date "2006.07.25"]
[Round "6"]
[White "Szabados, Karoly"]
[Black "Pavlik, Goran"]
[Result "1/2-1/2"]
[WhiteElo "2072"]
[BlackElo "2179"]
[PlyCount "57"]
[EventDate "2006.07.21"]
[EventType "swiss"]
[EventRounds "9"]
[EventCountry "YUG"]
[SourceTitle "CBM 113 Extra"]
[Source "ChessBase"]
[SourceDate "2006.09.14"]
[SourceVersion "1"]
[SourceVersionDate "2006.09.14"]
[SourceQuality "1"]

1. d4 d5 2. g3 g6 3. Bg2 Bg7 4. Nf3 Nf6 5. c4 c6 6. 0-0 0-0 7. Nc3 dxc4 8. Ne5 Be6 9. e4 Nbd7 10. a4 Qa5 11. f4 Rad8 12. Bd2 Qb6 13. Nf3 Bg4 14. Qe2 Ne8 15. e5 Bf5 16. Qxc4 Qxb2 17. a5 Be6 18. Qd3 Bf5 19. Qc4 Be6 20. d5 cxd5 21. Nxd5 Nxe5 22. Nxe5 Qxd2 23. Rfd1 Nd6 24. Qc7 Qb2 25. Nxe7+ Kh8 26. Rab1 Qa2 27. Ra1 Qb2 28. Rab1 Qa3 29. Rd3 1/2-1/2

[Event "SCG-ch U20"]
[Site "Vrnjacka Banja"]
[Date "2005.08.20"]
[Round "10"]
[White "Pavlik, Goran"]
[Black "Bogosavljevic, Boban"]
[Result "1/2-1/2"]
[WhiteElo "2190"]
[BlackElo "2302"]
[PlyCount "113"]
[EventDate "2005.08.11"]
[EventType "tourn"]
[EventRounds "11"]
[EventCountry "YUG"]
[SourceTitle "CBM 107 Extra"]
[Source "ChessBase"]
[SourceDate "2005.09.01"]
[SourceVersion "1"]
[SourceVersionDate "2005.09.01"]
[SourceQuality "1"]

1. Nf3 Nf6 2. g3 b5 3. Bg2 Bb7 4. 0-0 e6 5. d4 c5 6. a4 b4 7. c3 cxd4 8. cxd4 a5 9. Nbd2 d6 10. Nc4 Be7 11. Bg5 h6 12. Bxf6 Bxf6 13. e3 0-0 14. Rc1 Qe7 15. b3 Nd7 16. Qd2 Rfc8 17. Rfd1 d5 18. Nb2 Ba6 19. Nd3 Qd8 20. Bf1 Rxc1 21. Rxc1 Rc8 22. Rc2 Kf8 23. h3 Rxc2 24. Qxc2 Qc8 25. Qxc8+ Bxc8 26. Be2 Ke7 27. h4 Kd6 28. Kf1 g6 29. Ke1 Bg7 30. Nh2 e5 31. dxe5+ Nxe5 32. Nf4 Nc6 33. Nf3 Bc3+ 34. Kd1 Bf5 35. Bd3 Bd7 36. Bb5 Bg4 37. Be2 Bf6 38. Kd2 g5 39. hxg5 hxg5 40. Nxg5 Bxe2 41. Nxf7+ Ke7 42. Kxe2 Kxf7 43. Nxd5 Bd8 44. Kd3 Ke6 45. e4 Ne5+ 46. Kd4 Kd6 47. f4 Nf3+ 48. Ke3 Ne1 49. Kd2 Nf3+ 50. Ke3 Ne1 51. Kd2 Nf3+ 52. Ke3 Nh2 53. Kf2 Ng4+ 54. Kf3 Nh2+ 55. Kg2 Ng4 56. Kf3 Nh2+ 57. Kg2 1/2-1/2

[Event "SCG-ch U20"]
[Site "Vrnjacka Banja"]
[Date "2005.08.16"]
[Round "6"]
[White "Pavlik, Goran"]
[Black "Sarenac, Ivan"]
[Result "0-1"]
[WhiteElo "2190"]
[BlackElo "2070"]
[PlyCount "98"]
[EventDate "2005.08.11"]
[EventType "tourn"]
[EventRounds "11"]
[EventCountry "YUG"]
[SourceTitle "CBM 107 Extra"]
[Source "ChessBase"]
[SourceDate "2005.09.01"]
[SourceVersion "1"]
[SourceVersionDate "2005.09.01"]
[SourceQuality "1"]

1. e4 c5 2. Nf3 Nc6 3. d4 cxd4 4. Nxd4 Nf6 5. Nc3 e5 6. Ndb5 d6 7. Bg5 a6 8. Na3 b5 9. Nd5 Be7 10. Bxf6 Bxf6 11. c3 Bg5 12. Nc2 Rb8 13. Ndb4 Nxb4 14. Nxb4 Bb7 15. Bd3 0-0 16. Bc2 f5 17. Nd5 fxe4 18. Bxe4 Bf4 19. Qd3 Bxd5 20. Qxd5+ Kh8 21. Qd3 g6 22. g3 Bh6 23. Rd1 Qb6 24. 0-0 Rf6 25. Kg2 Rbf8 26. f3 a5 27. h4 Be3 28. Rfe1 Bc5 29. Qd2 b4 30. Re2 bxc3 31. bxc3 Qc7 32. Rb1 Rb8 33. Ree1 Rff8 34. Qg5 Qf7 35. Rh1 Qxa2+ 36. Kh3 Qe6+ 37. Qg4 Qxg4+ 38. Kxg4 a4 39. Rxb8 Rxb8 40. h5 Kg7 41. hxg6 hxg6 42. Rb1 Rxb1 43. Bxb1 d5 44. f4 e4 45. Ba2 d4 46. cxd4 Bxd4 47. Bd5 a3 48. f5 gxf5+ 49. Kf4 Be5+ 0-1

[Event "SCG-ch U20"]
[Site "Vrnjacka Banja"]
[Date "2005.08.14"]
[Round "4"]
[White "Krivokapic, Marko"]
[Black "Pavlik, Goran"]
[Result "1-0"]
[WhiteElo "2338"]
[BlackElo "2190"]
[PlyCount "67"]
[EventDate "2005.08.11"]
[EventType "tourn"]
[EventRounds "11"]
[EventCountry "YUG"]
[SourceTitle "CBM 107 Extra"]
[Source "ChessBase"]
[SourceDate "2005.09.01"]
[SourceVersion "1"]
[SourceVersionDate "2005.09.01"]
[SourceQuality "1"]

1. e4 c5 2. Nf3 Nc6 3. d4 cxd4 4. Nxd4 Nf6 5. Nc3 e5 6. Ndb5 d6 7. Bg5 a6 8. Na3 b5 9. Nd5 Be7 10. Bxf6 Bxf6 11. c3 Bg5 12. Nc2 0-0 13. a4 bxa4 14. Rxa4 a5 15. Bc4 Bb7 16. 0-0 Ne7 17. Qd3 Nxd5 18. Bxd5 Qb6 19. Ra2 Rfc8 20. Bxb7 Qxb7 21. Rfa1 Qb3 22. Nb4 Rab8 23. Nd5 h6 24. g3 Qc4 25. Qxc4 Rxc4 26. f3 Bd8 27. Kf2 Rc5 28. Ke2 Rb3 29. Kd3 Rcb5 30. Kc2 Rb7 31. Nb4 R3xb4 32. cxb4 Rxb4 33. Ra4 Rb5 34. b4 1-0

[Event "SCG-ch U20"]
[Site "Vrnjacka Banja"]
[Date "2005.08.13"]
[Round "3"]
[White "Pavlik, Goran"]
[Black "Nadj Hedjesi, Balind"]
[Result "1/2-1/2"]
[WhiteElo "2190"]
[BlackElo "2357"]
[PlyCount "60"]
[EventDate "2005.08.11"]
[EventType "tourn"]
[EventRounds "11"]
[EventCountry "YUG"]
[SourceTitle "CBM 107 Extra"]
[Source "ChessBase"]
[SourceDate "2005.09.01"]
[SourceVersion "1"]
[SourceVersionDate "2005.09.01"]
[SourceQuality "1"]

1. e4 c5 2. Nf3 d6 3. d4 cxd4 4. Nxd4 Nf6 5. Nc3 Bd7 6. Bg5 e6 7. Ndb5 Bc6 8. Bxf6 gxf6 9. Qh5 a6 10. Nd4 Bd7 11. 0-0-0 Qb6 12. h4 Nc6 13. Nxc6 Bxc6 14. Rh3 Qxf2 15. Rf3 Qc5 16. Nd5 Bg7 17. b4 Qa7 18. Nc7+ Ke7 19. Nxa8 Qxa8 20. Rfd3 Qa7 21. Rxd6 Qb6 22. a3 Qe3+ 23. Kb1 f5 24. Qg5+ Qxg5 25. hxg5 Be5 26. Rxc6 bxc6 27. exf5 exf5 28. Bd3 Rg8 29. Bxf5 Rxg5 30. Bxh7 Rxg2 1/2-1/2

[Event "SCG-ch U20"]
[Site "Vrnjacka Banja"]
[Date "2005.08.12"]
[Round "2"]
[White "Pletl, Akos"]
[Black "Pavlik, Goran"]
[Result "1/2-1/2"]
[WhiteElo "2196"]
[BlackElo "2190"]
[PlyCount "113"]
[EventDate "2005.08.11"]
[EventType "tourn"]
[EventRounds "11"]
[EventCountry "YUG"]
[SourceTitle "CBM 107 Extra"]
[Source "ChessBase"]
[SourceDate "2005.09.01"]
[SourceVersion "1"]
[SourceVersionDate "2005.09.01"]
[SourceQuality "1"]

1. d4 d5 2. c4 e6 3. Nc3 Be7 4. Nf3 Nf6 5. Bg5 h6 6. Bh4 0-0 7. e3 b6 8. cxd5 Nxd5 9. Bxe7 Nxe7 10. Bc4 Bb7 11. 0-0 c6 12. Ne5 Nd7 13. Qh5 Nf6 14. Qh3 Qd6 15. Rfd1 Ned5 16. Bd3 Nxc3 17. bxc3 c5 18. Qg3 Rfd8 19. Rac1 Rac8 20. Nc4 Qxg3 21. hxg3 Kf8 22. f3 Rc7 23. Rc2 Ba6 24. Na3 Bxd3 25. Rxd3 e5 26. Rd1 Rcd7 27. Rcd2 exd4 28. exd4 cxd4 29. Rxd4 Rxd4 30. Rxd4 Rxd4 31. cxd4 Nd5 32. Nc2 Ke7 33. Kf2 Kd6 34. a3 f5 35. Ke2 g6 36. Kd3 b5 37. Ne1 g5 38. Nc2 a5 39. Ne1 h5 40. Kd2 b4 41. axb4 axb4 42. Kc2 Kc6 43. Kb3 Kb5 44. Nd3 Ne3 45. Nxb4 Nxg2 46. Nd3 h4 47. gxh4 gxh4 48. Nf2 Nf4 49. Kc3 h3 50. Kd2 h2 51. Nh1 Kc4 52. Ke3 Nd5+ 53. Kf2 Kxd4 54. Kg2 Ke3 55. Ng3 f4 56. Nh5 h1Q+ 57. Kxh1 1/2-1/2

[Event "SCG-ch U20"]
[Site "Vrnjacka Banja"]
[Date "2005.08.11"]
[Round "1"]
[White "Pavlik, Goran"]
[Black "Lapcevic, Milos"]
[Result "1-0"]
[WhiteElo "2190"]
[BlackElo "2269"]
[PlyCount "77"]
[EventDate "2005.08.11"]
[EventType "tourn"]
[EventRounds "11"]
[EventCountry "YUG"]
[SourceTitle "CBM 107 Extra"]
[Source "ChessBase"]
[SourceDate "2005.09.01"]
[SourceVersion "1"]
[SourceVersionDate "2005.09.01"]
[SourceQuality "1"]

1. e4 c5 2. Nf3 e6 3. d4 cxd4 4. Nxd4 a6 5. Bd3 Bc5 6. Nb3 Ba7 7. Qe2 Nc6 8. Be3 Bxe3 9. Qxe3 Nf6 10. Nc3 d6 11. 0-0-0 0-0 12. f4 Qc7 13. Rhg1 b5 14. g4 b4 15. g5 Nd7 16. Na4 Bb7 17. Qh3 Na5 18. f5 Bc6 19. g6 fxg6 20. fxg6 h6 21. Qxe6+ Kh8 22. Rg5 Rf6 23. Qh3 Ne5 24. Nxa5 Qxa5 25. Rh5 Rxg6 26. b3 Bxa4 27. bxa4 Qxa4 28. Kb1 Qc6 29. Rf1 a5 30. Qe3 Qc3 31. Rhf5 Kh7 32. Re1 Qa3 33. Qc1 Qa4 34. Qb2 Rg2 35. Rxe5 dxe5 36. Qxe5 Qd7 37. Qf4 Rg4 38. e5+ Kg8 39. Qf3 1-0

[Event "Subotica"]
[Site "Subotica"]
[Date "2004.12.17"]
[Round "10"]
[White "Kizov, Atanas"]
[Black "Pavlik, Goran"]
[Result "1/2-1/2"]
[WhiteElo "2355"]
[BlackElo "2166"]
[PlyCount "78"]
[EventDate "2004.12.10"]
[EventType "tourn"]
[EventRounds "11"]
[EventCountry "YUG"]
[EventCategory "3"]
[SourceTitle "CBM 103 Extra"]
[Source "ChessBase"]
[SourceDate "2005.01.01"]
[SourceVersion "1"]
[SourceVersionDate "2005.01.01"]
[SourceQuality "1"]

1. d4 Nf6 2. c4 g6 3. Nc3 d5 4. cxd5 Nxd5 5. Bd2 Bg7 6. e4 Nxc3 7. Bxc3 0-0 8. Be2 b6 9. Nf3 Bb7 10. Qc2 e6 11. 0-0 Nd7 12. Rfd1 Nf6 13. Nd2 Qe7 14. b4 Rac8 15. f3 Rfd8 16. Nb3 Nh5 17. Bf1 Bh6 18. Kh1 Bf4 19. Be1 Qf8 20. g3 Bd6 21. a3 Qh6 22. Kg1 Qe3+ 23. Kg2 Qg5 24. Bd2 Bf4 25. Qc1 Bxd2 26. Qxd2 Qxd2+ 27. Rxd2 c5 28. dxc5 Rxd2+ 29. Nxd2 bxc5 30. b5 f5 31. Bc4 Kf7 32. Re1 Rd8 33. Nb3 fxe4 34. fxe4 Rc8 35. Kf3 Nf6 36. Kf4 Ke7 37. Ke5 Nd7+ 38. Kf4 Nf6 39. Ke5 Nd7+ 1/2-1/2

[Event "Subotica"]
[Site "Subotica"]
[Date "2004.12.14"]
[Round "7"]
[White "Pavlik, Goran"]
[Black "Palkovi, Jozsef"]
[Result "0-1"]
[WhiteElo "2166"]
[BlackElo "2426"]
[PlyCount "103"]
[EventDate "2004.12.10"]
[EventType "tourn"]
[EventRounds "11"]
[EventCountry "YUG"]
[EventCategory "3"]
[SourceTitle "CBM 103 Extra"]
[Source "ChessBase"]
[SourceDate "2005.01.01"]
[SourceVersion "1"]
[SourceVersionDate "2005.01.01"]
[SourceQuality "1"]

1. e4 c5 2. Nf3 e6 3. d4 cxd4 4. Nxd4 a6 5. Bd3 Qc7 6. c4 Nf6 7. 0-0 b6 8. Nc3 Bb7 9. Be3 d6 10. Rc1 Nbd7 11. f3 Be7 12. Qd2 0-0 13. Rfd1 Rac8 14. Kh1 Qb8 15. Bf1 Qa8 16. a3 Rfe8 17. Bf2 Kh8 18. Be3 Rg8 19. Bg5 h6 20. Be3 g5 21. Bf2 h5 22. Re1 Bf8 23. Bd3 Qb8 24. b4 h4 25. Be3 Nh7 26. h3 Bg7 27. Nb3 Be5 28. Bf1 Rg7 29. Red1 Rcg8 30. Bd4 f5 31. Bxe5 dxe5 32. Qd6 Qe8 33. c5 Ndf6 34. Qxe5 g4 35. Nd4 gxh3 36. Rc2 fxe4 37. Nxe4 Bxe4 38. fxe4 Ng4 39. Qxe6 Ne3 40. Qxe8 Rxe8 41. Nf5 Nxc2 42. Nxg7 Kxg7 43. Rd7+ Kh6 44. c6 Nf6 45. e5 Ne3 46. exf6 Nxf1 47. f7 Ng3+ 48. Kg1 Re4 49. Kf2 Rf4+ 50. Ke3 hxg2 51. f8Q+ Rxf8 52. Rd1 0-1

[Event "Subotica"]
[Site "Subotica"]
[Date "2004.12.13"]
[Round "5"]
[White "Pavlik, Goran"]
[Black "Ardeleanu, Alin"]
[Result "0-1"]
[WhiteElo "2166"]
[BlackElo "2391"]
[PlyCount "94"]
[EventDate "2004.12.10"]
[EventType "tourn"]
[EventRounds "11"]
[EventCountry "YUG"]
[EventCategory "3"]
[SourceTitle "CBM 103 Extra"]
[Source "ChessBase"]
[SourceDate "2005.01.01"]
[SourceVersion "1"]
[SourceVersionDate "2005.01.01"]
[SourceQuality "1"]

1. e4 c5 2. Nf3 g6 3. d4 Bg7 4. Nc3 Qa5 5. Be2 Nc6 6. Be3 Nf6 7. 0-0 Ng4 8. Bd2 cxd4 9. Nxd4 Nxd4 10. Bxg4 d6 11. Nd5 Bxg4 12. Bxa5 Bxd1 13. Raxd1 Rc8 14. Rd2 e6 15. Ne3 Nc6 16. Bc3 Bxc3 17. bxc3 Ne5 18. Rxd6 Rxc3 19. Rfd1 0-0 20. Kf1 Kg7 21. Rb1 b6 22. Rb3 Rfc8 23. Ke2 h5 24. Rd1 R3c5 25. Ra3 R8c7 26. Ra4 Ng4 27. Rd2 Nxe3 28. Kxe3 Rc3+ 29. Rd3 Rxc2 30. Rda3 a5 31. Rd4 Rb2 32. Rd2 Rb4 33. h4 Rc1 34. Re2 Rcc4 35. f3 Rc1 36. Rd3 Rcb1 37. g3 R4b2 38. Rxb2 Rxb2 39. Rb3 Rxb3+ 40. axb3 e5 41. Kd2 Kf6 42. Kd3 b5 43. Kc3 Ke6 44. g4 Kd6 45. gxh5 gxh5 46. Kd3 Kc5 47. Kc3 b4+ 0-1

[Event "Subotica"]
[Site "Subotica"]
[Date "2004.12.12"]
[Round "4"]
[White "Dumpor, Atif"]
[Black "Pavlik, Goran"]
[Result "1/2-1/2"]
[WhiteElo "2382"]
[BlackElo "2166"]
[PlyCount "129"]
[EventDate "2004.12.10"]
[EventType "tourn"]
[EventRounds "11"]
[EventCountry "YUG"]
[EventCategory "3"]
[SourceTitle "CBM 103 Extra"]
[Source "ChessBase"]
[SourceDate "2005.01.01"]
[SourceVersion "1"]
[SourceVersionDate "2005.01.01"]
[SourceQuality "1"]

1. Nf3 Nf6 2. g3 g6 3. Bg2 Bg7 4. 0-0 0-0 5. c4 c6 6. Nc3 d5 7. cxd5 cxd5 8. d4 Ne4 9. Qb3 Nc6 10. Rd1 Nxc3 11. bxc3 Na5 12. Qb4 e6 13. Bg5 Qb6 14. Rab1 Qxb4 15. cxb4 Nc4 16. Nd2 Nxd2 17. Rxd2 h6 18. Bf4 g5 19. Bd6 Rd8 20. Bc7 Rd7 21. Rc1 b6 22. b5 Bb7 23. e3 Rc8 24. Rdc2 f6 25. g4 Kf7 26. Bf1 e5 27. Bd3 e4 28. Be2 Ke8 29. a4 Bf8 30. Bg3 Rxc2 31. Rxc2 Bd6 32. Bxd6 Rxd6 33. a5 Kd8 34. a6 Bc8 35. h3 f5 36. gxf5 Bxf5 37. Kg2 Rf6 38. Kg3 Bd7 39. Rb2 Re6 40. Rb3 Ke7 41. f3 exf3 42. Bxf3 Kd6 43. Bg4 Rf6 44. Bxd7 Kxd7 45. Rb1 Kd8 46. h4 gxh4+ 47. Kxh4 Re6 48. Rb3 Kd7 49. Kg4 Rf6 50. Rc3 Kd8 51. Rc1 Re6 52. Kf4 Kd7 53. Rg1 Re4+ 54. Kf5 Rxe3 55. Rg6 Rb3 56. Rg7+ Kd6 57. Rxa7 Rxb5 58. Rh7 Ra5 59. Rxh6+ Kc7 60. Rh7+ Kc6 61. a7 b5 62. Ke5 b4 63. Rh1 Rxa7 64. Rc1+ Kb5 65. Kxd5 1/2-1/2

[Event "YUG-ch U20"]
[Site "Subotica"]
[Date "2004.08.23"]
[Round "12"]
[White "Nikolic, Milos"]
[Black "Pavlik, Goran"]
[Result "1/2-1/2"]
[WhiteElo "2191"]
[BlackElo "2138"]
[PlyCount "37"]
[EventDate "2004.08.12"]
[EventType "tourn"]
[EventRounds "13"]
[EventCountry "YUG"]
[SourceTitle "CBM 101 Extra"]
[Source "ChessBase"]
[SourceDate "2004.09.01"]
[SourceVersion "2"]
[SourceVersionDate "2004.09.01"]
[SourceQuality "1"]

1. Nf3 Nf6 2. g3 g6 3. Bg2 Bg7 4. 0-0 0-0 5. d3 d5 6. Nbd2 Nbd7 7. e4 dxe4 8. Nxe4 Nxe4 9. dxe4 c6 10. c3 Nc5 11. e5 Bg4 12. Bg5 Re8 13. Qe2 Qd3 14. Rfe1 h6 15. Be3 Qxe2 16. Rxe2 Nd7 17. Rd2 Nxe5 18. Nxe5 Bxe5 19. Bxh6 1/2-1/2

[Event "YUG-ch U20"]
[Site "Subotica"]
[Date "2004.08.21"]
[Round "10"]
[White "Mijovic, Stefan"]
[Black "Pavlik, Goran"]
[Result "1/2-1/2"]
[WhiteElo "2186"]
[BlackElo "2138"]
[PlyCount "50"]
[EventDate "2004.08.12"]
[EventType "tourn"]
[EventRounds "13"]
[EventCountry "YUG"]
[SourceTitle "CBM 101 Extra"]
[Source "ChessBase"]
[SourceDate "2004.09.01"]
[SourceVersion "2"]
[SourceVersionDate "2004.09.01"]
[SourceQuality "1"]

1. e4 d5 2. exd5 Nf6 3. Bb5+ Bd7 4. Be2 Nxd5 5. d4 Bf5 6. Nf3 e6 7. 0-0 Be7 8. a3 0-0 9. c4 Nb6 10. Nc3 Bf6 11. h3 Bg6 12. Be3 Nc6 13. b4 a6 14. Qd2 Qd7 15. Rad1 Rfd8 16. Qc1 Qe8 17. g4 h6 18. h4 e5 19. d5 Nd4 20. Nxd4 exd4 21. Bxd4 Bxh4 22. Qf4 Rac8 23. Qh2 Be7 24. Qg2 Nd7 25. Rfe1 Qf8 1/2-1/2

[Event "YUG-ch U20"]
[Site "Subotica"]
[Date "2004.08.15"]
[Round "4"]
[White "Dobrijevic, Milan"]
[Black "Pavlik, Goran"]
[Result "1-0"]
[WhiteElo "2171"]
[BlackElo "2138"]
[PlyCount "117"]
[EventDate "2004.08.12"]
[EventType "tourn"]
[EventRounds "13"]
[EventCountry "YUG"]
[SourceTitle "CBM 101 Extra"]
[Source "ChessBase"]
[SourceDate "2004.09.01"]
[SourceVersion "2"]
[SourceVersionDate "2004.09.01"]
[SourceQuality "1"]

1. g4 d5 2. Bg2 Bxg4 3. c4 c6 4. Qb3 Qb6 5. Qxb6 axb6 6. cxd5 Nf6 7. Nc3 cxd5 8. Nxd5 Nxd5 9. Bxd5 Nc6 10. f3 Bd7 11. Kf2 Nb4 12. Bb3 e5 13. d3 Rc8 14. Bd2 Bc5+ 15. Kg2 Nc6 16. Nh3 Nd4 17. Bd1 Rc6 18. Nf2 Nf5 19. Rc1 h5 20. Kf1 Be3 21. Rxc6 Bxd2 22. Ne4 bxc6 23. Nxd2 Be6 24. Bb3 Bxb3 25. Nxb3 Kd7 26. Kf2 Ra8 27. a3 Ra4 28. e4 Nd4 29. Nxd4 Rxd4 30. Ke3 c5 31. Rg1 g6 32. Rc1 Ke6 33. Rc4 Rd7 34. Ra4 Kd6 35. Ra8 Kc6 36. Re8 Kd6 37. Rc8 h4 38. Rh8 b5 39. Rxh4 c4 40. Rh8 c3 41. bxc3 Ra7 42. Rd8+ Ke6 43. d4 exd4+ 44. cxd4 Rxa3+ 45. Kf4 Ra2 46. d5+ Ke7 47. Rb8 Rxh2 48. Rxb5 Rh4+ 49. Ke5 Rh5+ 50. Kd4 Rh3 51. Rb7+ Ke8 52. f4 Rh1 53. Ke5 Ra1 54. Rc7 Ra6 55. Rc6 Ra7 56. d6 Ra5+ 57. Kf6 Ra4 58. Rc7 Rxe4 59. Re7+ 1-0